000
00326 a2200121 4500
000
nam a22 7a 4500
005
20260218094443.0
020
_a
9783031565717
100
_a
Pinar, Bilgin
_9
1116144
245
_a
Thinking globally aout world politics: Beyond global IR
260
_b
Spiringer nature
_c
2024
942
_c
TEXL
999
_c
1679927
_d
1679927